000 00482nam a2200133Ia 4500
008 170221s9999 xx 000 0 und d
100 _aVictoria Vyvyan
245 _aFactors that Influence Financial Capability and Effectiveness: Exploring Financial Counsellors’ Perspectives
245 _cVictoria Vyvyan, Levon Blue, and Mark Brimble
260 _c2013
300 _a12 :
650 _xBusiness
856 _uhttp://ro.uow.edu.au/cgi/viewcontent.cgi?article=1501&context=aabfj
999 _c313330
_d313330